000 00416nam a2200157 i 4500
001 25225
003 ES-MaACL
005 20230906153221.0
007 t|
008 021223s1930 gw ||||1| eng d
100 1 _aArlen, Michael.
_922894
245 1 0 _aLily Christine /
_cby Michael Arlen.
260 _aLeipzig :
_bBernard Janchnitz,
_c1930.
300 _a295 p. ;
_c16 cm.
852 _aES-MaACL
_jF-14569
_bR.12321
999 _c25225
_d25225